000 00532nam a2200181Ia 4500
008 090123s9999 xx 000 0 und d
082 _b20280
_a891.463/आठवले
100 _aआठवले विजया
245 _aकर्म-योग
250 _a1
260 _bआशिष प्रकाशन
_c1989
300 _a236
600 _aआठवले विजया
630 _aकर्म-योग
700 _aआठवले विजया
730 _aकर्म-योग
942 _cBOOK
999 _c58352
_d58352